Propiedad Horizontal

Bibliographic Details
Main Author: Chavarro Cadena, Jorge Enrique
Other Authors: Cortes Guzman, Guillermo
Format: eBook
Language:Spanish
Published: Bogot:̀ Grupo Editorial Nueva Legislacin̤, 2022
Edition:2da. Edicin̤
Subjects:
Online Access:Acceso restringido

MARC

LEADER 00000nam a22000007a 4500
005 20220712224439.0
007 cr|||| ||||
008 220712s2022 co |||||s|||| 00||0 spa d
020 |a 978-958-56479-1-6 
035 |a 36704 
040 |a vLex 
090 |c 13551  |d 13551 
100 1 |a Chavarro Cadena, Jorge Enrique 
245 1 0 |a Propiedad Horizontal  |h [Recurso electrn̤ico] /  |c Jorge Enrique Chavarro Cadena, Guillermo Cortes Guzman 
250 |a 2da. Edicin̤ 
256 |a Servicio en ln̕ea 
260 |a Bogot:̀  |b Grupo Editorial Nueva Legislacin̤,  |c 2022 
300 |a 1 recurso electrn̤ico 
500 |a Para Nueva Legislacin̤ SAS es grato presentar la segunda edicin̤ de la obra Propiedad Horizontal, se trata de una edicin̤ especial por su organizacin̤, estructura y contenido de la misma. Propiedad Horizontal, es una publicacin̤ integral, ya que toma como base la Ley 675 de 3 de agosto de 2001, actualizada con los Decretos Únicos Reglamentarios DUR 1073, 1074 y 1077 de 26 de mayo de 2015, incluyendo las concordancias correspondientes en cada uno de los artc̕ulos de la obra; tales como: Leyes, Decretos Únicos Reglamentarios DUR, Decretos Reglamentarios, Decretos ordinarios, Resoluciones, Circulares, Doctrina y Jurisprudencia; las cuales nuestros suscriptores deben consultar permanentemente en nuestra pg̀ina web www.nuevalegislacion.com, ya que estos valores agregados hacen ms̀ confiable la informacin̤ para la toma de decisiones no solo en la actividad profesional y empresarial, sino como herramienta de consulta e informacin̤ para funcionarios, estudiantes, ciudadanos en general y dems̀ interesados en el tema. 
506 1 |a Disponible solo en los productos indicados  |d vLex Global  |d vLex Global (Academic Edition, excluding Law Schools)  |d vLex Global (U.S. Academic Edition, Law Schools)  |d vLex Global (U.S. Academic Edition, excluding Law Schools)  |d vLex Global (Academic Edition, Law Schools) 
650 0 4 |a Derecho Civil  |z Colombia 
700 1 |a Cortes Guzman, Guillermo 
740 0 |a vLex Libros (Servicio en ln̕ea) 
856 4 0 |u https://app.vlex.com/#/sources/36704  |z Acceso restringido 
942 |c BOOK 
999 0 |a Civil Law